00922nam a2200205 a 4500020001500000040002600015041000800041082002600049100002100075245006500096260004400161300003200205490004200237500030300279500004700582500002000629650002900649700001700678700002100695 a0486210928 c917 DPC 1972 C147 Or.1 hlat a917 DPC 1972 C147 Or.1 aHarriot, Thomas,12aA briefe and true report of the new found land of Virginia / aNew York :bDover Publications,cc1972. axv, 91 p. :bill. ;c31 cm.1 aRosenwald Collection reprint series ; a"The true pictures and fashions of the people in that parte of America now called Virginia ... Translated out of Latin into English by Richard Hacklvit. Diligentlye collected and draowne by Ihon White ... now cutt in copper and first published by Theodore de Bry att his wone chardges": p. [35]-74. a"Som picture[s] of the Pictes": p. 75-[85] aIncludes index. 0aIndians of North America12aWhite, John,1 aBry, Theodor de,